000 00719nam a22002537a 4500
003 UA-OsUOA
001 88776
007 ta
008 20121017b un ||||| |||| 00| 0 ukr d
100 _aГерасимчук Д. К.
700 _aМалахута М. Д.
090 _a821.161.2
_bГ37
942 _cBK
040 _aUA-OsUOA
_bukr
_cUA-OsUOA
_dUA-OsUOA
245 _aВстати, суд іде! Спомин про давній марш
_bповісті
300 _a278 с.
955 _a3
041 _aukr
080 _a821.161.2
020 _a5-308-008134-0
260 _aК.
_bДніпро
_c1989
650 7 _a82 Література. Літературознавство
_2UDC
999 _c375053
_d375053